Código de comercio: edición oficial, aprobada por Decreto N§1080 de 30 de noviembre de 2001, del Ministerio de Justicia

Uloženo v:
Podrobná bibliografie
Médium: Kniha
Jazyk:španělština
Vydáno: Santiago Jurídica de Chile 2002
Vydání:15a. ed
Témata:
Tagy: Přidat tag
Žádné tagy, Buďte první, kdo vytvoří štítek k tomuto záznamu!

MARC

LEADER 00000nam a2200000 a 4500
001 UCM1195
003 CL-VaPUC
008 020328e20020200CL |||||||||||||||||spa|d
082 0 4 |a 346.8307  |b COD  |2 21 
245 1 0 |a Código de comercio: edición oficial, aprobada por Decreto N§1080 de 30 de noviembre de 2001, del Ministerio de Justicia 
250 |a 15a. ed 
300 |a 1098 p 
942 |c BK 
945 |d 20020328 00:00:00  |a vberengu 
260 |a Santiago  |b Jurídica de Chile  |c 2002 
650 0 |a Comerciantes  |9 267878 
650 0 |a Comercio  |9 255341 
650 0 |a Agentes comerciales  |9 391845 
650 7 |a CONTRATOS MERCANTILES  |2 CL-VaPUC  |9 391846 
650 7 |a OBLIGACIONES MERCANTILES  |2 CL-VaPUC  |9 402527 
650 0 |a Comercio marítimo  |9 352895 
650 0 |a Navegación   |9 255384 
650 7 |a QUIEBRAS  |2 CL-VaPUC  |9 329303 
583 |a last modification  |c 20020328 00:00:00  |k Rodrigo Vera 
999 |c 299797  |d 299795 
952 |0 0  |1 0  |4 0  |6 346_830700000000000_COD_2002  |7 0  |8 A  |9 356709  |a BIBING  |b BIBING  |d 2019-11-21  |i 3800849  |o 346.8307 COD 2002  |p 3800849  |r 2025-01-20  |w 2019-11-21  |y BK  |k ING 
952 |0 0  |1 0  |2 ddc  |4 0  |6 346_830700000000000_COD_2002  |7 0  |8 FOND_LRYV  |9 356714  |a BIBDER  |b BIBDER  |d 2019-11-21  |i 382862K  |o 346.8307 COD 2002  |p 382862K  |r 2023-01-25  |w 2019-11-21  |y BK_X  |k DER 
952 |0 0  |1 0  |2 ddc  |4 0  |6 346_830700000000000_COD_2002  |7 0  |8 FOND_LRYV  |9 356719  |a BIBDER  |b BIBDER  |d 2019-11-21  |i 3828573  |o 346.8307 COD 2002  |p 3828573  |r 2023-01-25  |w 2019-11-21  |y BK_X  |k DER